000
00314nam a22001337a 4500
020
_a
81-8360-034-4
041
_a
ENG
100
_a
Vyas.A.K
245
_a
An Introdction To Agriculture
260
_a
New Delhi
_b
Jain Brothers
_c
1994
300
_a
492
650
_a
Agricultural
856
_u
Agricultural ( 19 )
999
_c
2199
_d
2199